The power of positive criticism
| Main Author: | |
|---|---|
| Format: | Book |
| Published: |
New York :
AMACOM ,
2000
|
| Subjects: |
MARC
| LEADER | 00000cam a2200000 7i4500 | ||
|---|---|---|---|
| 001 | 0000008322 | ||
| 005 | 20050614.0 | ||
| 020 | |a 0814404839 | ||
| 040 | |a INS | ||
| 090 | 0 | 0 | |a BF637.C74. |b W45 2000 |
| 100 | 1 | |a Weisinger, Hendrie | |
| 245 | 1 | 4 | |a The power of positive criticism |c Hendrie Weisinger |
| 260 | |a New York : |b AMACOM , |c 2000 | ||
| 300 | |a 184p ; |c 23 cm. | ||
| 650 | 0 | 0 | |a Criticism, Personal |
| 650 | 0 | 0 | |a Psychology, Industrial |
| 999 | |a 0000007908 |b BOOK |c Open Shelf |e Default branch | ||